00487nam a2200157Ia 4500003000900000008004100009020001800050040001600068080001500084100001600099245011200115260003800227300001600265650002400281650002400305IN-BaIIA211028s9999 xx 000 0 eng d a0-471-29335-0 cIIA Library a524.5bSPI aSpitzer, L. 0aPhysical processes in the interstellar mediumcL. Spitzer  aNew YorkbJohn Wiley & Sonsc1998 axvii, 318p. aInterstellar Matter aInterstellar Medium